| 000 | 00238nam a22000857a 4500 | ||
|---|---|---|---|
| 999 |
_c1360 _d1360 |
||
| 003 | OSt | ||
| 005 | 20170928124717.0 | ||
| 008 | 160630b xxu||||| |||| 00| 0 eng d | ||
| 020 | _a9788170632023 | ||
| 040 | _cMATHS | ||
| 100 |
_91639 _aGarg, P.K |
||
| 245 | _aQuestions for Revision in Mathematics - XII | ||
| 260 |
_aNew Delhi _b Arya _c2005 |
||
| 942 |
_2ddc _cBK |
||